| 000 | 01884cam a2200421 a 4500 | ||
|---|---|---|---|
| 001 | 14255029 | ||
| 005 | 20170105102844.0 | ||
| 008 | 060206s2005 enka b 000 0 eng d | ||
| 010 | _a 2006272244 | ||
| 020 | _a1844072223 | ||
| 035 | _a(OCoLC)ocm60822613 | ||
| 040 |
_aBID _cBID _dTXA _dBAKER _dIXA _dDLC |
||
| 042 | _alccopycat | ||
| 043 | _ad------ | ||
| 050 | 0 | 0 |
_aLC2572 _b.T35 2005 |
| 245 | 0 | 0 |
_aTaking action : _bachieving gender equality and empowering women / _cCaren Grown, Geeta Rao Gupta, Aslihan Kes. |
| 246 | 1 | _aOn title page: UN Millennium Project 2005, Task Force on Education and Gender Equality | |
| 246 | 3 | 0 | _aUN Millennium Project 2005 |
| 246 | 3 | 0 | _aTask Force on Education and Gender Equality |
| 260 |
_aLondon ; _aSterling, Va. : _bEarthscan, _c2005. |
||
| 300 |
_axix, 257 p. : _bill. ; _c26 cm. |
||
| 500 | _aSponsored by the United Nations Development Programme on behalf of the UN Development Group. | ||
| 504 | _aIncludes bibliographical references (p. [224]-257). | ||
| 538 | _aAlso available electronically on the World Wide Web. | ||
| 650 | 0 |
_aWomen _xEducation _zDeveloping countries. |
|
| 650 | 0 |
_aEducational equalization _zDeveloping countries. |
|
| 650 | 0 |
_aWomen _xLegal status, laws, etc. _zDeveloping countries. |
|
| 700 | 1 | _aGrown, Caren. | |
| 700 | 1 | _aGupta, Geeta Rao. | |
| 700 | 1 | _aKes, Aslihan. | |
| 710 | 2 |
_aUN Millennium Project. _bTask Force on Education and Gender Equality. |
|
| 856 | 4 | 1 |
_3Table of contents only _uhttp://www.loc.gov/catdir/toc/fy0609/2006272244.html |
| 856 | _uhttp://www.unmillenniumproject.org/reports/tf%5Fgender.htm | ||
| 856 | 4 | 2 |
_3Contributor biographical information _uhttp://www.loc.gov/catdir/enhancements/fy1111/2006272244-b.html |
| 906 |
_a7 _bcbc _ccopycat _d2 _encip _f20 _gy-gencatlg |
||
| 942 |
_2ddc _cBK |
||
| 999 |
_c13983 _d13983 |
||